[Event "Usti nad Labem rapid op"]
[Site "Usti nad Labem"]
[Date "2023.05.06"]
[Round "6"]
[White "Janda, Zdenek"]
[Black "Jirovsky, Pavel"]
[Result "1-0"]
[WhiteElo "1949"]
[BlackElo "2161"]
[PlyCount "120"]
[EventDate "2023.05.06"]
[EventType "swiss (rapid)"]
[EventRounds "7"]
[EventCountry "CZE"]
[SourceTitle "CBM 214 Extra"]
[Source "ChessBase"]
[SourceDate "2023.07.31"]
[SourceVersion "1"]
[SourceVersionDate "2023.07.31"]
[SourceQuality "1"]

1. d4 d5 2. c4 e6 3. Nc3 Nf6 4. Bf4 Bd6 5. Bg3 Bxg3 6. hxg3 c6 7. e3 Nbd7 8. Bd3 Qe7 9. Nge2 dxc4 10. Bxc4 e5 11. 0-0 0-0 12. d5 cxd5 13. Nxd5 Nxd5 14. Bxd5 Nf6 15. Bb3 Ng4 16. Bd5 Be6 17. Bf3 Nf6 18. Nc3 Rac8 19. e4 Rfd8 20. Qa4 a6 21. Rfd1 h6 22. Rxd8+ Rxd8 23. Rd1 Rc8 24. Qa5 Qc5 25. Rd8+ Kh7 26. Qxc5 Rxc5 27. Rb8 Rc7 28. a3 Nd7 29. Rd8 Rc6 30. Kf1 Rb6 31. Na4 Rc6 32. Nc3 Nc5 33. Nd5 Nb3 34. Nb4 Rc1+ 35. Rd1 Rc7 36. Be2 Nd4 37. Bd3 Bb3 38. Re1 a5 39. Nd5 Rc5 40. f4 f6 41. Kf2 Bc2 42. b4 axb4 43. axb4 Rc6 44. Bf1 Bb3 45. Kg1 Rc2 46. fxe5 fxe5 47. Ne3 Rc7 48. Ng4 Re7 49. Rc1 h5 50. Ne3 b6 51. Kh2 Rf7 52. Bc4 Rf2 53. Bxb3 Nxb3 54. Rc7 Nd4 55. Kh3 Re2 56. Nd5 Re1 57. Kh2 b5 58. Re7 Kg6 59. Rxe5 Kh6 60. Nf4 g5 1-0

[Event "CZE-chT2C 2223"]
[Site "Czech Republic"]
[Date "2023.03.05"]
[Round "10.1"]
[White "Jirovsky, Pavel"]
[Black "Smolik, Jachym"]
[Result "0-1"]
[WhiteElo "2296"]
[BlackElo "2213"]
[PlyCount "76"]
[EventDate "2022.10.16"]
[EventType "team-tourn"]
[EventRounds "11"]
[EventCountry "CZE"]
[SourceTitle "EXT 2024"]
[Source "ChessBase"]
[SourceDate "2023.10.10"]
[SourceVersion "1"]
[SourceVersionDate "2023.10.10"]
[SourceQuality "1"]
[WhiteTeam "Kolin"]
[BlackTeam "Praha DDM"]
[WhiteTeamCountry "CZE"]
[BlackTeamCountry "CZE"]

1. Nf3 Nf6 2. g3 e6 3. Bg2 d5 4. d4 b5 5. a4 b4 6. c3 a5 7. 0-0 Ba6 8. Bf4 c5 9. Re1 Nc6 10. Ne5 Rc8 11. Nxc6 Rxc6 12. Nd2 bxc3 13. bxc3 cxd4 14. cxd4 Bb4 15. Rc1 Rxc1 16. Qxc1 0-0 17. Qc6 Qc8 18. Qb6 Nd7 19. Qa7 Qc6 20. Rd1 Bb7 21. e4 Ra8 22. exd5 exd5 23. Qxa8+ Bxa8 24. Nf1 Nf8 25. Rc1 Qxa4 26. Ne3 Bb7 27. h4 Ne6 28. Be5 Qd7 29. Bh3 Bd6 30. Nf5 Bxe5 31. dxe5 a4 32. Nd6 Bc6 33. h5 a3 34. Bf5 a2 35. Kh2 g6 36. Bg4 Kg7 37. Bd1 Qa7 38. Rxc6 a1Q 0-1

[Event "CZE-chT2C 2223"]
[Site "Czech Republic"]
[Date "2023.02.19"]
[Round "9.1"]
[White "Zezulkin, Jurij"]
[Black "Jirovsky, Pavel"]
[Result "1-0"]
[WhiteElo "2398"]
[BlackElo "2296"]
[PlyCount "93"]
[EventDate "2022.10.16"]
[EventType "team-tourn"]
[EventRounds "11"]
[EventCountry "CZE"]
[SourceTitle "EXT 2024"]
[Source "ChessBase"]
[SourceDate "2023.10.10"]
[SourceVersion "1"]
[SourceVersionDate "2023.10.10"]
[SourceQuality "1"]
[WhiteTeam "Bakov nad Jizerou"]
[BlackTeam "Kolin"]
[WhiteTeamCountry "CZE"]
[BlackTeamCountry "CZE"]

1. e4 c5 2. Nf3 d6 3. d4 cxd4 4. Nxd4 Nf6 5. Nc3 g6 6. Be3 Bg7 7. f3 0-0 8. Qd2 Nc6 9. Bc4 a5 10. g4 Ne5 11. Be2 a4 12. a3 Bd7 13. h4 Qa5 14. h5 Rfc8 15. hxg6 fxg6 16. g5 Nh5 17. Nd5 Kf7 18. Qxa5 Rxa5 19. Nb6 Rc7 20. Kf2 Ke8 21. Nxd7 Nxd7 22. c3 Nc5 23. Rad1 Rc8 24. Bf1 Be5 25. Bh3 Rca8 26. Ne2 Rb5 27. Bc1 Nb3 28. Be3 Nc5 29. Bxc5 Rxc5 30. Bg4 Rb5 31. Bxh5 gxh5 32. Rd2 Kf7 33. f4 Bg7 34. Rxh5 Kg8 35. Ng3 Ra6 36. Nf5 Bf8 37. Nd4 Rbb6 38. Ne6 Ra5 39. Kf3 Rab5 40. Rhh2 Bg7 41. Kg4 Rb3 42. Rdf2 Bh8 43. f5 Be5 44. f6 exf6 45. gxf6 Kf7 46. Rxh7+ Kg6 47. Nf8# 1-0

[Event "CZE-chT2C 2223"]
[Site "Czech Republic"]
[Date "2023.01.08"]
[Round "6.1"]
[White "Jirovsky, Pavel"]
[Black "Lajbl, Jan"]
[Result "0-1"]
[WhiteElo "2296"]
[BlackElo "2209"]
[PlyCount "63"]
[EventDate "2022.10.16"]
[EventType "team-tourn"]
[EventRounds "11"]
[EventCountry "CZE"]
[SourceTitle "EXT 2024"]
[Source "ChessBase"]
[SourceDate "2023.10.10"]
[SourceVersion "1"]
[SourceVersionDate "2023.10.10"]
[SourceQuality "1"]
[WhiteTeam "Kolin"]
[BlackTeam "Jicin"]
[WhiteTeamCountry "CZE"]
[BlackTeamCountry "CZE"]

1. d4 d5 2. Nf3 c5 3. g3 cxd4 4. Bg2 Qa5+ 5. Kf1 Nf6 6. Nbd2 Nbd7 7. Nb3 Qc7 8. Nbxd4 e5 9. Nb3 a5 10. a4 Be7 11. Bd2 0-0 12. Nh4 Nc5 13. Nxc5 Bxc5 14. Be1 e4 15. Qc1 Qe5 16. c3 g5 17. f4 gxf4 18. gxf4 Qh5 19. h3 b6 20. b4 Be7 21. Qe3 Ne8 22. Rg1 Kh8 23. Qf2 axb4 24. cxb4 Bf6 25. Ra3 Ba6 26. Bc3 Bxc3 27. Rxc3 Ng7 28. Bh1 d4 29. Rcg3 e3 30. Qf3 Qxh4 31. Rxg7 Bb7 32. Qg3 0-1

[Event "CZE-chT2C 2223"]
[Site "Czech Republic"]
[Date "2022.10.16"]
[Round "1.1"]
[White "Vavra, Pavel"]
[Black "Jirovsky, Pavel"]
[Result "1-0"]
[WhiteElo "2316"]
[BlackElo "2296"]
[PlyCount "61"]
[EventDate "2022.10.16"]
[EventType "team-tourn"]
[EventRounds "11"]
[EventCountry "CZE"]
[SourceTitle "EXT 2024"]
[Source "ChessBase"]
[SourceDate "2023.10.10"]
[SourceVersion "1"]
[SourceVersionDate "2023.10.10"]
[SourceQuality "1"]
[WhiteTeam "Vysehrad"]
[BlackTeam "Kolin"]
[WhiteTeamCountry "CZE"]
[BlackTeamCountry "CZE"]

1. d4 d5 2. Bf4 Nf6 3. e3 c5 4. c3 Nc6 5. Nd2 Qb6 6. Qb3 c4 7. Qc2 g6 8. e4 e6 9. e5 Nh5 10. Be3 Ng7 11. Bxc4 dxc4 12. d5 Qc7 13. dxc6 Qxc6 14. Ngf3 Nf5 15. Bg5 Bg7 16. Qe4 Bd7 17. Qxc4 h6 18. Bf6 Bxf6 19. exf6 Qb6 20. g4 Nd6 21. Qd4 Qa6 22. Ne5 Rd8 23. 0-0-0 0-0 24. Ndc4 Qxa2 25. Nxd6 Ba4 26. Qe4 Bxd1 27. Rxd1 Qa1+ 28. Kc2 Qa6 29. Nexf7 Kh7 30. Nxd8 Rxd8 31. Qxb7+ 1-0

[Event "Prague Menchik Memorial Rapid"]
[Site "Prague"]
[Date "2021.09.28"]
[Round "3"]
[White "Jirovsky, Pavel"]
[Black "Zidu, Jan"]
[Result "1-0"]
[WhiteElo "2306"]
[BlackElo "1830"]
[PlyCount "49"]
[EventDate "2021.09.28"]
[EventType "swiss (rapid)"]
[EventRounds "9"]
[EventCountry "CZE"]
[SourceTitle "CBM 204 Extra"]
[Source "ChessBase"]
[SourceDate "2021.11.30"]
[SourceVersion "1"]
[SourceVersionDate "2021.11.30"]
[SourceQuality "1"]

1. d4 Nf6 2. Nf3 d5 3. g3 g6 4. Bg2 Bg7 5. 0-0 0-0 6. c4 c6 7. Nbd2 Nbd7 8. b3 b6 9. Bb2 Bb7 10. e3 e6 11. Qe2 Qe7 12. a4 Rfc8 13. a5 c5 14. Rfc1 dxc4 15. bxc4 cxd4 16. exd4 bxa5 17. Rxa5 Nb6 18. Rca1 Qb4 19. Rb5 Qe7 20. c5 Bxf3 21. Bxf3 Nbd5 22. Nc4 Rab8 23. Nd6 Rd8 24. h3 Nc7 25. Rxa7 1-0

[Event "Pardubice op rapid 32nd"]
[Site "Pardubice"]
[Date "2021.07.21"]
[Round "2"]
[White "Dvorak, Milan"]
[Black "Jirovsky, Pavel"]
[Result "0-1"]
[WhiteElo "1841"]
[BlackElo "2306"]
[PlyCount "124"]
[EventDate "2021.07.21"]
[EventType "swiss (rapid)"]
[EventRounds "9"]
[EventCountry "CZE"]
[SourceTitle "CBM 203 Extra"]
[Source "ChessBase"]
[SourceDate "2021.09.30"]
[SourceVersion "1"]
[SourceVersionDate "2021.09.30"]
[SourceQuality "1"]

1. g3 c5 2. Bg2 Nc6 3. b3 d5 4. Bb2 Nf6 5. e3 Bf5 6. Ne2 e6 7. 0-0 Be7 8. d3 0-0 9. Nd2 h6 10. Nf4 Rc8 11. c4 g5 12. e4 dxe4 13. dxe4 Bh7 14. Ne2 Qc7 15. f4 Ng4 16. Rf3 Rcd8 17. Qe1 Nd4 18. Nxd4 cxd4 19. h3 Ne3 20. Qe2 Bb4 21. Rf2 Qa5 22. a3 Bxd2 23. Qxd2 Qxd2 24. Rxd2 Nxg2 25. Kxg2 Bxe4+ 26. Kf2 d3 27. fxg5 hxg5 28. Bf6 Rd7 29. Bxg5 f6 30. Be3 a6 31. Re1 f5 32. Bf4 Kf7 33. Be5 Rc8 34. Rc1 Kg6 35. Ke3 Rh7 36. h4 Kh5 37. c5 Rd7 38. b4 Rd5 39. Bf4 e5 40. Bg5 Kg4 41. Rg1 Rc7 42. Bf6 Rf7 43. Bg5 Rd4 44. Bf4 Bc6 45. Bg5 Rfd7 46. Kf2 Re4 47. Be3 Bb5 48. Rg2 Kh5 49. Rg1 Rg7 50. Bg5 Kg4 51. Be3 Rd7 52. Rg2 Kh5 53. Rg1 f4 54. g4+ Kxh4 55. Bxf4 Rxf4+ 56. Ke3 Rxg4 57. Rxg4+ Kxg4 58. Ke4 Ba4 59. Kxe5 Kf3 60. Ke6 Ke3 61. Rh2 d2 62. Rh3+ Kf4 0-1

[Event "CZE-ch Betsys Online Blitz"]
[Site "Chess.com INT"]
[Date "2021.04.17"]
[Round "12"]
[White "Jirovsky, Pavel"]
[Black "Nytra, Ondrej"]
[Result "1-0"]
[WhiteElo "2306"]
[BlackElo "2055"]
[PlyCount "83"]
[EventDate "2021.04.17"]
[EventType "swiss (blitz)"]
[EventRounds "13"]
[EventCountry "CZE"]
[SourceTitle "CBM 201 Extra"]
[Source "ChessBase"]
[SourceDate "2021.05.31"]
[SourceVersion "1"]
[SourceVersionDate "2021.05.31"]
[SourceQuality "1"]

1. d4 d5 2. Nf3 c6 3. c4 e6 4. Qc2 Bd6 5. g3 Nf6 6. Bg2 Nbd7 7. 0-0 0-0 8. Nbd2 Re8 9. e3 e5 10. dxe5 Nxe5 11. Nxe5 Bxe5 12. Nf3 Bc7 13. Rd1 Qe7 14. cxd5 Nxd5 15. a3 Bg4 16. h3 Bh5 17. Qc4 Rad8 18. Bd2 Rd7 19. Re1 Red8 20. Bb4 Nxb4 21. axb4 Bxf3 22. Bxf3 Rd2 23. Rxa7 Qf6 24. Kg2 Qxb2 25. Re2 Rxe2 26. Bxe2 Qf6 27. Rxb7 Qd6 28. Bf3 Qe5 29. Qxc6 Bb8 30. Qc4 Qf6 31. b5 g6 32. Bd5 Rf8 33. b6 Qb2 34. Rxf7 Rxf7 35. Bxf7+ Kf8 36. Qe6 Qb5 37. Bg8 Kg7 38. Qf7+ Kh6 39. Qxh7+ Kg5 40. h4+ Kf5 41. Qf7+ Ke5 42. Qe6# 1-0

[Event "CZE-ch Betsys Online Blitz"]
[Site "Chess.com INT"]
[Date "2021.04.17"]
[Round "4"]
[White "Jirovsky, Pavel"]
[Black "Sobek, Jaroslav"]
[Result "1-0"]
[WhiteElo "2306"]
[BlackElo "2198"]
[PlyCount "31"]
[EventDate "2021.04.17"]
[EventType "swiss (blitz)"]
[EventRounds "13"]
[EventCountry "CZE"]
[SourceTitle "CBM 201 Extra"]
[Source "ChessBase"]
[SourceDate "2021.05.31"]
[SourceVersion "1"]
[SourceVersionDate "2021.05.31"]
[SourceQuality "1"]

1. d4 d5 2. Nf3 Nf6 3. c4 dxc4 4. Qc2 Nbd7 5. Qxc4 a6 6. a4 e6 7. Nc3 Be7 8. Bf4 c5 9. dxc5 Bxc5 10. e3 Qa5 11. Be2 0-0 12. 0-0 h6 13. Rfd1 Qb4 14. Qxb4 Bxb4 15. Bd6 Re8 16. Bxb4 1-0

[Event "CZE-chT2C 1920"]
[Site "Czech Republic"]
[Date "2020.02.09"]
[Round "8.1"]
[White "Jirovsky, Pavel"]
[Black "Voloshin, Leonid"]
[Result "1/2-1/2"]
[WhiteElo "2320"]
[BlackElo "2362"]
[PlyCount "27"]
[EventDate "2019.10.13"]
[EventType "team-tourn"]
[EventRounds "11"]
[EventCountry "CZE"]
[SourceTitle "EXT 2024"]
[Source "ChessBase"]
[SourceDate "2023.10.10"]
[SourceVersion "1"]
[SourceVersionDate "2023.10.10"]
[SourceQuality "1"]
[WhiteTeam "Kolin"]
[BlackTeam "Bakov nad Jizerou"]
[WhiteTeamCountry "CZE"]
[BlackTeamCountry "CZE"]

1. d4 Nf6 2. Nf3 e6 3. g3 b6 4. Bg2 Bb7 5. 0-0 Be7 6. c4 0-0 7. Nc3 Ne4 8. Bd2 Nxc3 9. Bxc3 Be4 10. Ne1 Bxg2 11. Nxg2 d5 12. Qb3 c6 13. Rac1 Bd6 14. Bd2 1/2-1/2

[Event "CZE-chT2C 1920"]
[Site "Czech Republic"]
[Date "2020.01.12"]
[Round "6.1"]
[White "Jirovsky, Pavel"]
[Black "Zilka, Stepan"]
[Result "0-1"]
[WhiteElo "2320"]
[BlackElo "2551"]
[PlyCount "113"]
[EventDate "2019.10.13"]
[EventType "team-tourn"]
[EventRounds "11"]
[EventCountry "CZE"]
[SourceTitle "EXT 2024"]
[Source "ChessBase"]
[SourceDate "2023.10.10"]
[SourceVersion "1"]
[SourceVersionDate "2023.10.10"]
[SourceQuality "1"]
[WhiteTeam "Kolin"]
[BlackTeam "Kutna Hora"]
[WhiteTeamCountry "CZE"]
[BlackTeamCountry "CZE"]

1. d4 Nf6 2. Nf3 e6 3. c4 d5 4. g3 dxc4 5. Qa4+ Nbd7 6. Qxc4 a6 7. a4 c5 8. Bg2 cxd4 9. 0-0 e5 10. Ng5 Qe7 11. Bd2 h6 12. Bb4 Nb6 13. Bxe7 Nxc4 14. Bxf6 gxf6 15. Ne4 Be7 16. Rc1 Na5 17. Nbd2 f5 18. Nc5 e4 19. Ndb3 Nc6 20. a5 h5 21. Ra4 Bf6 22. f3 Bg5 23. f4 Bf6 24. h4 Ke7 25. Kh2 Rd8 26. Nd2 Rb8 27. Nc4 Be6 28. Nb6 Rd6 29. Nc4 Rdd8 30. Nb6 Kd6 31. Bf1 Bg7 32. b4 Na7 33. Nc4+ Ke7 34. Nb6 Nb5 35. Raa1 Ke8 36. Rab1 Bf8 37. Rb2 Bd6 38. Rd2 Ke7 39. Bh3 Kf6 40. Kg2 Bc7 41. Nca4 Rg8 42. Kh2 Rbd8 43. Nc5 Bxb6 44. axb6 Rb8 45. Na4 Rgc8 46. Rxc8 Rxc8 47. Nc5 Rb8 48. Bg2 Ke7 49. Kg1 Kd6 50. e3 d3 51. Kf2 Ke7 52. Rd1 Nc3 53. Rd2 Nd5 54. Rb2 Nxb6 55. b5 a5 56. Bf1 a4 57. Rb1 0-1

[Event "Pardubice op rapid 30th"]
[Site "Pardubice"]
[Date "2019.07.19"]
[Round "7"]
[White "Jirovsky, Pavel"]
[Black "Slovak, Kilian"]
[Result "1-0"]
[WhiteElo "2322"]
[BlackElo "2242"]
[PlyCount "157"]
[EventDate "2019.07.17"]
[EventType "swiss (rapid)"]
[EventRounds "9"]
[EventCountry "CZE"]
[SourceTitle "CBM 191 Extra"]
[Source "ChessBase"]
[SourceDate "2019.09.30"]
[SourceVersion "1"]
[SourceVersionDate "2019.09.30"]
[SourceQuality "1"]

1. d4 Nf6 2. Nf3 g6 3. g3 Bg7 4. Bg2 0-0 5. 0-0 d6 6. c4 Nc6 7. Nc3 a6 8. b3 Rb8 9. Nd5 e6 10. Ne3 b5 11. Bb2 bxc4 12. Nxc4 Bd7 13. Rc1 Re8 14. e3 Nb4 15. a3 Nbd5 16. Qc2 Bb5 17. Rfd1 Ne7 18. b4 Qd7 19. Rd2 Rec8 20. Na5 Ba4 21. Qb1 d5 22. Ne5 Qe8 23. f3 Rb6 24. Nd3 Bh6 25. Re1 Nf5 26. Kf2 Nd6 27. Nc5 Bb5 28. Bf1 Bxf1 29. Kxf1 Rcb8 30. Kf2 Nf5 31. Qd3 Ra8 32. Rc2 Nd7 33. Ncb3 Ra7 34. Nc6 Ra8 35. Nba5 Qf8 36. Bc1 Qd6 37. e4 dxe4 38. fxe4 Bxc1 39. Rexc1 Nh6 40. Kg1 e5 41. d5 Qf6 42. Rf1 Qg5 43. Qd2 Qh5 44. Qe2 Ng4 45. Nc4 Rb7 46. Ne3 Nxe3 47. Qxe3 Re8 48. Na5 Rb6 49. Rxc7 Rd6 50. Nc4 Rf6 51. Rxf6 Nxf6 52. Qf2 Kg7 53. Kg2 Rf8 54. Qf3 Qg5 55. h3 Qc1 56. Qe2 h5 57. Rc6 Qb1 58. Nd6 h4 59. Qc2 Qe1 60. Qf2 Qb1 61. gxh4 Nh5 62. Kh2 Nf4 63. Rc3 Rd8 64. Nb7 Rb8 65. Nc5 Qa1 66. Rf3 a5 67. Nd3 axb4 68. axb4 Nxd3 69. Rxd3 Rxb4 70. d6 Rb2 71. Rd2 Rb8 72. d7 Rd8 73. Qc5 Qe1 74. Qxe5+ Kh7 75. Qd5 Kg7 76. Qd4+ Kh7 77. e5 Qf1 78. Qg4 Qe1 79. Qf4 1-0

[Event "Pardubice op rapid 30th"]
[Site "Pardubice"]
[Date "2019.07.19"]
[Round "9"]
[White "Jirovsky, Pavel"]
[Black "Ter Saakian, Grigorii"]
[Result "1-0"]
[WhiteElo "2322"]
[BlackElo "2338"]
[PlyCount "185"]
[EventDate "2019.07.17"]
[EventType "swiss (rapid)"]
[EventRounds "9"]
[EventCountry "CZE"]
[SourceTitle "CBM 191 Extra"]
[Source "ChessBase"]
[SourceDate "2019.09.30"]
[SourceVersion "1"]
[SourceVersionDate "2019.09.30"]
[SourceQuality "1"]

1. d4 d5 2. Nf3 Nf6 3. c4 c6 4. Qc2 dxc4 5. Qxc4 Bf5 6. Nc3 Nbd7 7. g3 e6 8. Bg2 Bd6 9. 0-0 0-0 10. Qb3 Qb6 11. Qxb6 axb6 12. Re1 Bg6 13. e4 e5 14. Bg5 exd4 15. Nxd4 Be5 16. Rad1 h6 17. Be3 Ng4 18. Bc1 Nc5 19. f4 Bxd4+ 20. Rxd4 Rfd8 21. Red1 Ne6 22. Rd7 Nf6 23. Rxd8+ Rxd8 24. Rxd8+ Nxd8 25. f5 Bh7 26. Bf4 Ne8 27. g4 f6 28. e5 fxe5 29. Bxe5 Nf7 30. Bd4 b5 31. Ne4 g6 32. fxg6 Bxg6 33. Nc5 Ned6 34. Kf2 b4 35. a4 bxa3 36. bxa3 Nb5 37. Bb2 Nbd6 38. h4 h5 39. gxh5 Bxh5 40. Nd7 Bd1 41. Kg3 Nc4 42. Bc1 Nfe5 43. Nc5 b6 44. Ne4 Kg7 45. Nc3 Bh5 46. a4 b5 47. axb5 cxb5 48. Nxb5 Nf7 49. Nd4 Ncd6 50. Bb2 Kh7 51. Kf4 Bd1 52. Ne6 Bb3 53. Nc5 Bc2 54. Bf1 Bg6 55. Be2 Bc2 56. Bf6 Kg8 57. Be7 Bb1 58. Bd1 Nf5 59. Bf6 N5d6 60. Bb3 Kh7 61. Ne6 Kg6 62. Bc3 Kh7 63. Nf8+ Kg8 64. Nd7 Kh7 65. h5 Bd3 66. Nf6+ Kh6 67. Bd1 Bb1 68. Bd2 Kg7 69. Ng4 Bf5 70. Bc3+ Kh7 71. Nf6+ Kh6 72. Nd5 Bb1 73. Ne3 Kh7 74. Ng4 Bf5 75. Nf6+ Kh6 76. Bb3 Bb1 77. Bb2 Bd3 78. Ba3 Bb1 79. Bxf7 Kg7 80. Ne8+ Kxf7 81. Nxd6+ Kg7 82. Kg5 Kh7 83. Ne8 Kg8 84. Bb2 Kf7 85. Ng7 Bc2 86. Nf5 Kg8 87. Kg6 Bb3 88. Ne7+ Kf8 89. Kf6 Bd1 90. h6 Bc2 91. Ba3 Bh7 92. Ng6+ Kg8 93. Bb4 1-0

[Event "Pardubice op rapid 30th"]
[Site "Pardubice"]
[Date "2019.07.19"]
[Round "8"]
[White "Zilka, Stepan"]
[Black "Jirovsky, Pavel"]
[Result "1-0"]
[WhiteElo "2534"]
[BlackElo "2322"]
[PlyCount "91"]
[EventDate "2019.07.17"]
[EventType "swiss (rapid)"]
[EventRounds "9"]
[EventCountry "CZE"]
[SourceTitle "CBM 191 Extra"]
[Source "ChessBase"]
[SourceDate "2019.09.30"]
[SourceVersion "1"]
[SourceVersionDate "2019.09.30"]
[SourceQuality "1"]

1. d4 d5 2. c4 e6 3. Nf3 Nf6 4. g3 Be7 5. Bg2 0-0 6. 0-0 Nbd7 7. Qc2 c6 8. Nbd2 b6 9. e4 a5 10. e5 Ne8 11. b3 Ba6 12. Bb2 Nc7 13. Rfe1 c5 14. Rad1 Qb8 15. h4 Rc8 16. Ng5 Nf8 17. cxd5 Nxd5 18. Qe4 Ra7 19. Nc4 cxd4 20. Qxd4 Bc5 21. Qg4 Bb4 22. Rf1 Bxc4 23. bxc4 Nc3 24. Rd3 Na4 25. Ba1 Rac7 26. Qd1 Nc5 27. Rf3 Rd8 28. Qb1 Nb7 29. a3 Bc5 30. Ne4 Qc8 31. Rb3 a4 32. Rb5 Na5 33. Nd6 Qa6 34. Bc3 Nb3 35. Qb2 Rcd7 36. Bc6 Rc7 37. Be4 Bxd6 38. exd6 Rxc4 39. Rg5 Ng6 40. Bd3 Rxd6 41. Qe2 b5 42. Bxc4 bxc4 43. h5 Rd3 44. hxg6 Rxc3 45. gxf7+ Kxf7 46. Qe5 1-0

[Event "CZE-chT2D 1819"]
[Site "Czech Republic"]
[Date "2019.03.31"]
[Round "11.1"]
[White "Jacko, Vladimir1111"]
[Black "Jirovsky, Pavel"]
[Result "1/2-1/2"]
[WhiteElo "2324"]
[BlackElo "2339"]
[PlyCount "58"]
[EventDate "2018.10.14"]
[EventType "team-tourn"]
[EventRounds "11"]
[EventCountry "CZE"]
[SourceTitle "EXT 2022"]
[Source "ChessBase"]
[SourceDate "2021.10.06"]
[SourceVersion "1"]
[SourceVersionDate "2021.10.06"]
[SourceQuality "1"]
[WhiteTeam "Orechov"]
[BlackTeam "Kolin"]
[WhiteTeamCountry "CZE"]
[BlackTeamCountry "CZE"]

1. d4 d5 2. Nf3 Nf6 3. c4 e6 4. Nc3 Nbd7 5. e3 c6 6. Bd3 Bd6 7. 0-0 0-0 8. e4 dxe4 9. Nxe4 Nxe4 10. Bxe4 e5 11. dxe5 Bxe5 12. Nxe5 Nxe5 13. Bxh7+ Kxh7 14. Qh5+ Kg8 15. Qxe5 Qh4 16. b3 f6 17. Qc3 Kf7 18. Ba3 Rh8 19. Bd6 Be6 20. Rad1 Rad8 21. Bg3 Qh5 22. Rd4 a6 23. Qd2 Rxd4 24. Qxd4 Qa5 25. Rd1 Qxa2 26. Qb6 Bc8 27. h4 Qe2 28. Qc7+ Qe7 29. Qxe7+ Kxe7 1/2-1/2

[Event "CZE-chT2C 1718"]
[Site "Czech Republic"]
[Date "2018.02.25"]
[Round "9.1"]
[White "Borkovec, Milan"]
[Black "Jirovsky, Pavel"]
[Result "0-1"]
[WhiteElo "2197"]
[BlackElo "2327"]
[PlyCount "162"]
[EventDate "2017.10.15"]
[EventType "team-tourn"]
[EventRounds "11"]
[EventCountry "CZE"]
[SourceTitle "EXT 2022"]
[Source "ChessBase"]
[SourceDate "2021.10.06"]
[SourceVersion "1"]
[SourceVersionDate "2021.10.06"]
[SourceQuality "1"]
[WhiteTeam "Tabor"]
[BlackTeam "Kolin"]
[WhiteTeamCountry "CZE"]
[BlackTeamCountry "CZE"]

1. e4 d5 2. exd5 Qxd5 3. Nc3 Qd6 4. d4 Nf6 5. Nf3 c6 6. h3 Bf5 7. Ne5 Nbd7 8. Nc4 Qc7 9. Qf3 e6 10. Bf4 Qd8 11. 0-0-0 Nd5 12. Kb1 Nxf4 13. Qxf4 Qb8 14. Qe3 b5 15. Ne5 Nxe5 16. dxe5 Be7 17. g4 Bg6 18. Bg2 Qc7 19. f4 Rc8 20. h4 h5 21. gxh5 Rxh5 22. Bf3 Rh8 23. h5 Bf5 24. Ne4 Bxe4 25. Qxe4 Bc5 26. f5 Rh6 27. Bg4 Kf8 28. f6 gxf6 29. Qf4 Rh7 30. Qxf6 Qe7 31. Qf4 Rd8 32. Rxd8+ Qxd8 33. Bxe6 Qd4 34. Qxd4 Bxd4 35. Bd7 Rh6 36. e6 fxe6 37. Bxc6 b4 38. Be4 Ke7 39. Bg6 a5 40. Rf1 Bf6 41. Rf3 Rh8 42. a3 bxa3 43. Rxa3 Rb8 44. c3 Rb5 45. h6 Rg5 46. Bd3 Kd6 47. h7 Rh5 48. Ra4 Rh3 49. Kc2 Rh5 50. Kb3 Rh3 51. Bc2 Rh5 52. Rg4 Rb5+ 53. Ka3 Rh5 54. Rg8 Rh2 55. Bb1 Rh1 56. Ka2 Rh2 57. Kb3 Rh1 58. Bc2 Rh2 59. Ra8 Rh5 60. Ra6+ Kd7 61. Ra7+ Kd6 62. Ka4 Rh2 63. Kb3 Rh5 64. Bd3 Rh3 65. Bc4 Be7 66. Rxa5 Rxh7 67. Ra6+ Kc7 68. Rxe6 Bd6 69. Bd3 Rh4 70. Kc2 Rh2+ 71. Be2 Rh4 72. b3 Kd7 73. Re3 Bc5 74. Rf3 Bd6 75. Kd3 Kc7 76. Rf5 Kd7 77. Rb5 Kc6 78. Rg5 Rf4 79. Ke3 Rh4 80. Bf3+ Kd7 81. c4 Bf4+ 0-1